| 000 | 01198nam0a22003011 4500 | ||
|---|---|---|---|
| 001 | RU\NLR\INFOCOMM_36\5000221479 | ||
| 005 | 20250613094924.0 | ||
| 035 | _a(NLR Aleph) 009281651 | ||
| 090 |
_a9165051 _c9165051 |
||
| 100 | _a20100916d1968 |||y0rusy50 ca | ||
| 101 | 0 | _aspa | |
| 102 | _aRU | ||
| 105 | _ay ||||000|y | ||
| 200 | 1 |
_aEconomía, gestión, plan _fAnatoli Efimov, miembro cor. de la Acad. de ciencias de la URSS, Alexandr Anchishkin, cand. a dr. en ciencias económicas |
|
| 210 |
_aΜ. _cEd. de la Agencia de prensa "Novosti" _d[1968] |
||
| 215 |
_a225 с. _d16 см |
||
| 300 | _aВ вып. дан.: А. Анчишкин, А. Ефимов. Экономика, управление и планирование | ||
| 607 |
_aСССР _xНародное хозяйство _2nlr_sh1 |
||
| 686 |
_aЭ1-250 _2rubbk |
||
| 700 | 1 |
_9z11790 _aEfimov _bA. N. _f1908- _gAnatolij Nikolaevič _4070 |
|
| 701 | 1 |
_9z12790 _aAnčiškin _bA. I. _f1933-1987 _gAleksandr Ivanovič _4070 |
|
| 790 | 1 |
_9z11700 _aEfimov _bA. _gAnatoli _4070 |
|
| 790 | 1 |
_9z12701 _aAnchishkin _bA. _gAlexandr _4070 |
|
| 801 | 1 |
_aRU _bNLR _c20100916 |
|
| 801 | 0 |
_aRU _bNLR _gPSBO |
|
| 852 |
_aNLR _jЭк31 Д-1/9 |
||
| 942 | _cBOOK | ||
| 980 | _aNB | ||